<?xml version="1.0" encoding="UTF-8"?><?xml-stylesheet type="text/xsl" href="static/style.xsl"?><OAI-PMH xmlns="http://www.openarchives.org/OAI/2.0/" xmlns:xsi="http://www.w3.org/2001/XMLSchema-instance" xsi:schemaLocation="http://www.openarchives.org/OAI/2.0/ http://www.openarchives.org/OAI/2.0/OAI-PMH.xsd"><responseDate>2026-06-03T19:19:04Z</responseDate><request verb="GetRecord" identifier="oai:riuma.uma.es:10630/25429" metadataPrefix="marc">https://riuma.uma.es/rest/oai/request</request><GetRecord><record><header><identifier>oai:riuma.uma.es:10630/25429</identifier><datestamp>2026-02-03T12:14:03Z</datestamp><setSpec>com_10630_2254</setSpec><setSpec>col_10630_37959</setSpec></header><metadata><record xmlns="http://www.loc.gov/MARC21/slim" xmlns:dcterms="http://purl.org/dc/terms/" xmlns:doc="http://www.lyncode.com/xoai" xmlns:xsi="http://www.w3.org/2001/XMLSchema-instance" xsi:schemaLocation="http://www.loc.gov/MARC21/slim http://www.loc.gov/standards/marcxml/schema/MARC21slim.xsd">
   <leader>00925njm 22002777a 4500</leader>
   <datafield ind2=" " ind1=" " tag="042">
      <subfield code="a">dc</subfield>
   </datafield>
   <datafield ind2=" " ind1=" " tag="720">
      <subfield code="a">Cortés-Zaborras, Carmen</subfield>
      <subfield code="e">author</subfield>
   </datafield>
   <datafield ind2=" " ind1=" " tag="260">
      <subfield code="c">2022</subfield>
   </datafield>
   <datafield ind2=" " ind1=" " tag="520">
      <subfield code="a">Sarah Ilínichna Stern, conocida como Sonia Delaunay, nació en Ucrania y fue educada en San Petersburgo por sus tíos maternos. Pronto, en su deseo de aprender técnicas pictóricas y el arte europeo, se dirigió a la para ella decepcionante Alemania y, después, a Francia. Este país le ofreció un primer acercamiento a la luz y a la calidez personal, que, con el tiempo, sobre todo en París, se vería matizado.&#xd;
Por el contrario, sus estancias en España y Portugal produjeron en ella una transformación, fundamentalmente estética, pero no solamente, ya que asumió responsabilidades económicas y familiares que contribuyeron grandemente en su desarrollo personal.&#xd;
Posteriormente, otro exilio, casi voluntario, en la Costa Azul, tras la llegada de los alemanes al norte del país, la muerte en el sur de su esposo y la vuelta a París supusieron nuevas formas de creación y socialización, nuevas responsabilidades y el desarrollo de facetas artísticas que hicieron de ella una mujer polifacética, emprendedora y crítica con los ambientes artísticos, con los críticos y los marchantes.&#xd;
Su viaje a Italia será clave también para ella, aunque ya su obra se hacía cada vez más escasa. &#xd;
Mi propuesta consiste en estudiar la relación entre las memorias de Sonia Delaunay, particularmente los aspectos relacionados en el viaje, con los cambios temáticos y plásticos de su obra, con la adopción de nuevas técnicas y soportes. Así mismo, atiendo a la evolución ideológica de la artista y a las críticas con respecto al arte y la literatura. Para ello, adopto dos perspectivas metodológicas, el análisis del discurso verbal, fundamentalmente la modalidad, y el análisis del discurso visual propuesto por el grupo Mu, por lo que considero tanto los aspectos icónicos como plásticos de sus obras pictóricas y sus diseños de moda.</subfield>
   </datafield>
   <datafield ind1="8" ind2=" " tag="024">
      <subfield code="a">https://hdl.handle.net/10630/25429</subfield>
   </datafield>
   <datafield tag="653" ind2=" " ind1=" ">
      <subfield code="a">Exilio</subfield>
   </datafield>
   <datafield tag="653" ind2=" " ind1=" ">
      <subfield code="a">Dionisíacas</subfield>
   </datafield>
   <datafield ind2="0" ind1="0" tag="245">
      <subfield code="a">La luz y el color, descubrimientos en el exilio</subfield>
   </datafield>
</record>
</metadata></record></GetRecord></OAI-PMH>